[Event "WSTCC-50 2020"]
[Site "Prague"]
[Date "2020.03.07"]
[Round "2.12"]
[White "Berndt, Matthias"]
[Black "McDonald, Neil"]
[Result "0-1"]
[WhiteElo "2098"]
[BlackElo "2410"]
[Annotator "TA"]
[PlyCount "96"]
[EventDate "2020.03.06"]
[EventType "team-tourn"]
[EventCountry "CZE"]
[SourceTitle "playchess.com"]
[Source "ChessBase"]
[SourceQuality "1"]

{[%evp 9,96,-22,7,8,10,0,0,-53,-32,-88,-81,-79,-45,-51,-40,-55,-46,-57,-52,-48,-45,-51,-40,-40,-41,-48,-14,-26,-20,-20,-21,-35,0,-38,-33,-60,-45,-28,0,-31,-37,-33,-45,-53,-48,-57,-39,-41,-39,-74,-65,-66,-59,-72,-70,-70,-70,-70,-70,-73,-70,-88,-88,-95,-93,-149,-96,-137,-137,-136,-131,-139,-68,-68,-68,-72,-70,-100,-40,-89,-95,-96,-55,-97,-97,-252,-221,-268,-256]} 1. e4 e6 2. d3 d5 3. Nd2 Nf6 4. Ngf3 Be7 5. g3 b5 6. Bg2 {C00: French: Unusual White 2nd moves.} Bb7 {[%cal Rd5e4]} 7. Qe2 c5 {[#]} 8. e5 $146 (8. a4 $11) ({Predecessor:} 8. O-O Nc6 9. c3 O-O 10. e5 Nd7 11. Re1 a5 12. Nf1 a4 13. Bf4 d4 14. cxd4 cxd4 15. h4 Nb6 16. Bg5 a3 17. b3 Nd5 {0-1 (45) Schulz,K (2227)-Buhmann,R (2573) Magdeburg 2019}) 8... Nfd7 $15 9. c4 (9. a4 $15) 9... bxc4 $17 10. dxc4 Nb6 11. O-O O-O 12. b3 a5 {[%cal Ba7a5,Ba5a4][%mdl 32]} 13. Rd1 a4 {White must now prevent ...axb3.} 14. Ba3 Nc6 15. Ne4 Ra5 16. cxd5 Nxd5 17. Bb2 Ba6 18. Qd2 axb3 19. axb3 Rxa1 20. Rxa1 Ncb4 21. Nc3 Bb7 22. Rc1 Nxc3 23. Bxc3 Bxf3 24. Bxf3 (24. Qxd8 {feels hotter.} Rxd8 25. Bxf3 Nd5 26. Be2 Ra8 27. Bb2) 24... Qxd2 25. Bxd2 Nd3 {[%mdl 64] [#] Double Attack} 26. Rc3 Nxe5 27. Be2 Nc6 28. Be3 Nd4 29. Bc4 g6 30. Kg2 Rb8 31. f4 h5 (31... Nb5 {with more complications.} 32. Rd3 Rb7 33. Bf2 Kg7 34. Rf3 h5) 32. Bxd4 cxd4 $15 {[%mdl 4096] Endgame KRB-KRB} 33. Rd3 Bc5 34. Kf3 Kf8 35. Rd2 Ra8 36. Ke4 Ra1 37. Re2 (37. b4 $142 Bxb4 38. Rxd4) 37... Ke7 (37... Rd1 $142 38. Rb2 Bb6) 38. b4 Bb6 39. Ra2 Rb1 40. b5 Re1+ (40... Rc1 $17 41. Bd3 Rh1) 41. Be2 $1 Kd6 42. Rc2 Bc5 43. Rd2 Kc7 (43... Ra1 $17 44. Bd3 Ra3) 44. Kf3 Ra1 45. Ke4 Ra3 {[%csl Gc5,Gd4][%cal Ra3e3]} 46. Bd3 Kd6 47. Rd1 $2 {[#]} (47. h4 $17) 47... Ra2 $1 $19 48. h3 Rf2 {Accuracy: White = 62%, Black = 79%.} 0-1

[Event "WSTCC-50 2020"]
[Site "Prague"]
[Date "2020.03.07"]
[Round "2.13"]
[White "Weyrich, Morten"]
[Black "Ftacnik, Lubomir"]
[Result "1/2-1/2"]
[WhiteElo "2281"]
[BlackElo "2513"]
[Annotator "TA"]
[PlyCount "94"]
[EventDate "2020.03.06"]
[EventType "team-tourn"]
[EventCountry "CZE"]
[SourceTitle "playchess.com"]
[Source "ChessBase"]
[SourceQuality "1"]

{[%evp 14,94,-4,-38,23,0,61,54,91,95,85,90,96,97,92,61,71,50,60,57,62,47,68,48,55,62,66,5,5,6,33,38,41,25,46,18,38,24,60,22,23,12,14,10,10,0,60,0,14,14,14,5,13,0,13,0,16,0,0,0,0,0,0,-65,0,0,0,0,0,0,0,0,43,0,0,0,0,0,0,0,0,0,0]} 1. c4 Nf6 2. Nc3 c5 3. g3 e6 4. Bg2 d5 5. cxd5 exd5 6. d4 cxd4 7. Qxd4 Nc6 8. Qa4 Be6 {A23: English Opening: 1...e5 2 Nc3 Nf6 3 g3 c6.} (8... d4 $15 9. Ne4 Bb4+ 10. Kf1 O-O) 9. Bg5 Bc5 {[#]} (9... Qb6 $11) 10. O-O-O $146 {Strongly threatening Nxd5!} (10. Rd1 {feels hotter.} Bb4 11. Nh3 h6 12. Bxf6 Qxf6 13. O-O) ({Predecessor:} 10. Nf3 Qb6 11. O-O Qxb2 12. Bxf6 gxf6 13. Rac1 Qb4 14. Qc2 Bb6 15. e4 dxe4 16. Nxe4 {½-½ (51) Zochowski,K (2240)-Janik,I (2425) Warsaw 2017}) 10... Bxf2 {[#]White is slightly better.} 11. Nxd5 $1 {[%mdl 512]} Bxd5 12. Bxd5 Qb6 13. Bxf6 gxf6 14. Bxc6+ bxc6 15. Nf3 O-O 16. Kb1 Rab8 {[%csl Gb8][%cal Rb6b2] [#]} 17. Qg4+ Kh8 {[%csl Gb8][%cal Rb6b2]} 18. Rd2 Be3 19. Rc2 $1 c5 20. Nd2 (20. Rd1 $14) 20... Bxd2 $11 21. Rxd2 Rfe8 22. Rhd1 Re6 23. b3 Re3 {aiming for ...Rxb3+!} 24. Rd3 (24. Qc4 $5 {[%cal Rc4f7]} Kg8 25. Rc2 $14 (25. Rd7 Qe6 $14)) 24... Rxd3 25. Rxd3 {[%mdl 4096] Endgame KQR-KQR} Qc6 26. Kc2 Re8 27. Kd2 Qa6 28. a4 Qa5+ 29. Kd1 Qc7 (29... c4 $1 $11 30. Qxc4 Qh5) 30. Rd7 (30. Ke1 $14) 30... Rd8 31. Rxd8+ Qxd8+ {KQ-KQ} 32. Kc2 Qd5 33. h4 h6 34. Qc4 Qe5 35. Qg4 f5 36. Qf3 Kg7 37. e3 Kg6 38. h5+ (38. a5 $11) 38... Kg7 (38... Kg5 $15 39. Kd3 Qe6) 39. Kd3 Qd6+ 40. Kc4 Qe6+ 41. Qd5 {Threatens to win with Qxe6.} Qxe3 42. Qxc5 Qxg3 43. Qxa7 f4 {The position is equal.} 44. Qd4+ Kg8 45. Qd8+ Kg7 46. Qd4+ Kg8 47. Qd8+ Kg7 {Accuracy: White = 78%, Black = 77%.} 1/2-1/2

[Event "WSTCC-50 2020"]
[Site "Prague"]
[Date "2020.03.07"]
[Round "2.14"]
[White "Stohl, Igor"]
[Black "Jeske, Eckhard"]
[Result "1/2-1/2"]
[WhiteElo "2470"]
[BlackElo "2158"]
[Annotator "TA"]
[PlyCount "41"]
[EventDate "2020.03.06"]
[EventType "team-tourn"]
[EventCountry "CZE"]
[SourceTitle "playchess.com"]
[Source "ChessBase"]
[SourceQuality "1"]

{[%evp 17,41,13,17,15,35,38,112,106,106,107,99,106,98,110,94,103,100,92,135,57,143,59,35,-52,21,39]} 1. d4 d5 2. c4 c6 3. Nf3 Nf6 4. Nc3 dxc4 5. a4 Bf5 6. Ne5 Nbd7 7. Nxc4 Qc7 8. g3 e5 9. dxe5 Nxe5 10. Bf4 {D17: Slav Defence: 5 a4 Bf5: Lines with 6 Nh4 and 6 Ne5.} Rd8 11. Qc1 Nfd7 {[#]} (11... Bd6 $1 $14 12. Nxd6+ Qxd6) 12. Bxe5 $1 $16 {White is better.} Nxe5 13. Qf4 Bd6 {White must now prevent ...Nd3+!} 14. Qxf5 ({Stronger than} 14. Nxe5 Be6 $17) 14... Nxc4 15. Qe4+ {[%mdl 64] Double Attack} Ne5 16. f4 {[%mdl 64] Pin} f5 {[#]} 17. Qxf5 $146 ({Predecessor:} 17. Qe3 O-O 18. fxe5 Bxe5 19. Bg2 f4 20. gxf4 Rxf4 21. Rd1 Rdf8 22. Rd3 Rb4 23. Qc5 Rxb2 {1-0 (35) Ernst,S (2435)-Marcus,J (2292) Leeuwarden 2001}) 17... Nf7 18. e4 ({Better is} 18. O-O-O $16) 18... O-O {[#]} ({Black should play} 18... Bb4 $14) 19. Bc4 (19. O-O-O $1 $16) 19... g6 $14 20. Qe6 (20. Qg4 $14) 20... Bb4 ({Black should try} 20... Bxf4 $1 $15 21. Rd1 Rxd1+ 22. Kxd1 Qd6+ 23. Qxd6 Bxd6) 21. O-O $1 {Accuracy: White = 60%, Black = 44%.} 1/2-1/2

[Event "WSTCC-50 2020"]
[Site "Prague"]
[Date "2020.03.07"]
[Round "2.15"]
[White "Jansen, Andreas"]
[Black "Motuz, Karol"]
[Result "1/2-1/2"]
[WhiteElo "2206"]
[BlackElo "2368"]
[Annotator "TA"]
[PlyCount "62"]
[EventDate "2020.03.06"]
[EventType "team-tourn"]
[EventCountry "CZE"]
[SourceTitle "playchess.com"]
[Source "ChessBase"]
[SourceQuality "1"]

{[%evp 10,62,79,47,63,34,41,28,33,28,78,15,60,0,2,0,0,0,-11,-15,-9,-28,-22,-21,37,-12,-6,-23,-3,-22,-6,-18,-19,-19,-19,-19,-19,-19,-11,-18,-19,-18,0,0,0,0,0,0,0,0,0,0,0,0,0]} 1. e4 e6 2. d4 d5 3. Nc3 Bb4 4. e5 Qd7 5. a3 Bf8 6. f4 b6 {C16: French: 3 Nc3 Bb4 4 e5: Lines without ...c5.} 7. Bb5 c6 8. Bd3 Ba6 {White has an edge.} 9. Nf3 {[#]} Nh6 $146 ({Predecessor:} 9... Bxd3 10. Qxd3 c5 11. O-O Nc6 12. Kh1 g6 13. Be3 c4 14. Qd1 a6 15. b4 Nge7 {0-1 (52) De Wit,G (1696)-De Kleijnen,H (1895) Maastricht 2012}) 10. O-O (10. h3 $16) 10... Be7 11. Kh1 ({White should try} 11. h3 $14) 11... Bxd3 $11 12. Qxd3 c5 13. Be3 Nf5 14. Bf2 h5 15. Ne2 Nc6 16. Ng3 Nfxd4 (16... Nxg3+ $11 17. hxg3 c4) 17. Nxd4 cxd4 18. Ne2 O-O 19. Nxd4 {The position is equal.} Rac8 20. Nxc6 Qxc6 21. c3 g6 22. Rad1 Rfd8 23. h3 Qa4 24. Qe2 Rc4 25. Rd4 Bc5 (25... Kg7 {with more complications.} 26. Rfd1 Rdc8 27. R1d2 a6 28. Rxc4 Rxc4 29. Bd4 Qb5) 26. Rxc4 Qxc4 27. Qxc4 dxc4 28. Bxc5 bxc5 {KR-KR} 29. Rf2 Rd1+ 30. Kh2 h4 31. g3 hxg3+ {Accuracy: White = 79%, Black = 86%.} 1/2-1/2

[Event "WSTCC-50 2020"]
[Site "Prague"]
[Date "2020.03.07"]
[Round "2.16"]
[White "Petran, Peter"]
[Black "Moritz, Hartmut"]
[Result "1-0"]
[WhiteElo "2268"]
[BlackElo "2088"]
[Annotator "TA"]
[PlyCount "65"]
[EventDate "2020.03.06"]
[EventType "team-tourn"]
[EventCountry "CZE"]
[SourceTitle "playchess.com"]
[Source "ChessBase"]
[SourceQuality "1"]

{[%evp 21,65,2,2,0,12,6,14,0,17,-38,14,-41,22,11,90,97,102,31,31,19,54,0,27,17,16,20,40,12,27,27,31,-11,19,0,30,16,17,0,0,-5,24,11,131,120,439,426]} 1. g3 e5 2. c4 Nf6 3. Bg2 d5 4. cxd5 Nxd5 5. Nc3 Nb6 6. d3 Be7 7. Be3 O-O 8. a3 Nc6 9. Nf3 Be6 10. O-O f6 11. Rc1 Qd7 12. Re1 {A29: English Opening: Four Knights Variation with 4 g3.} Rad8 13. Ne4 Nd5 14. Bd2 {[#] The position is equal.} Nd4 $146 ({Predecessor:} 14... a6 15. b4 Bh3 16. Bh1 Bg4 17. Nc5 Bxc5 18. bxc5 Rb8 19. Qa4 Be6 20. Rc2 Qf7 {1-0 (47) Nenciulescu,S (2027)-Soreghy,J (1897) LSS email 2008}) 15. b4 (15. Nxd4 $11 exd4 16. Qc2) 15... c6 (15... b6 $15) 16. Qa4 (16. Nxd4 $11 exd4 17. Qa4) 16... b5 (16... Nb6 $15 17. Qxa7 Nc8) 17. Qd1 $1 $11 a5 (17... Nxf3+ $11 {remains equal.} 18. Bxf3 Rc8) 18. Nxd4 $16 exd4 19. Nc5 ({White should try} 19. bxa5 $16 {Nc5 is the strong threat.} Bxa3 20. Nc5 Bxc5 21. Rxc5) 19... Bxc5 $1 $14 20. Rxc5 axb4 21. axb4 (21. Bxb4 $14 Ra8 22. Qc1) 21... Rc8 22. Qa1 Ne7 23. Qb2 Rfd8 24. Rec1 Bh3 25. Bh1 Qe6 26. Qc2 Bg4 27. Bg2 Rd6 28. Bf4 {[#] And now h3 would win.} Rd7 29. e4 dxe3 30. Bxe3 Nd5 31. Bd2 {Strongly threatening Re1.} Bf5 (31... Rd6 $11 {keeps the balance.}) 32. Re1 $16 ({Much weaker is} 32. Rxc6 $6 Rxc6 33. Qxc6 Qxc6 $11) 32... Qd6 $2 {[%mdl 8192] [#]} (32... Qf7 $16 {is a better chance.}) 33. Bxd5+ {Accuracy: White = 67%, Black = 38%.} 1-0

[Event "WSTCC-50 2020"]
[Site "Prague"]
[Date "2020.03.07"]
[Round "2.17"]
[White "Pieper, Thomas"]
[Black "Potapov, Alexander"]
[Result "0-1"]
[WhiteElo "2258"]
[BlackElo "2413"]
[Annotator "TA"]
[PlyCount "60"]
[EventDate "2020.03.06"]
[EventType "team-tourn"]
[EventCountry "CZE"]
[SourceTitle "playchess.com"]
[Source "ChessBase"]
[SourceQuality "1"]

{[%evp 17,60,-8,-10,-36,-57,-51,-60,-70,-66,-136,-124,-125,-131,-124,-131,-127,-127,-137,-144,-147,-120,-137,-122,-133,-130,-136,-147,-158,-166,-181,-172,-199,-199,-197,-207,-203,-196,-197,-196,-330,-315,-438,-452,-422,-407]} 1. e4 e5 2. Nf3 Nc6 3. d4 exd4 4. Nxd4 Nf6 5. Nxc6 bxc6 6. e5 Qe7 7. Qe2 Nd5 8. c4 Ba6 9. Nd2 g6 10. Qe4 {C45: Scotch Game.} Nb6 11. Bd3 Bg7 12. Nf3 {Black is slightly better.} f6 {[%cal Rf6e5] [#]} 13. Bf4 $146 (13. b3 $15) ({Predecessor:} 13. exf6 Qxe4+ 14. Bxe4 Bxf6 15. c5 Na4 16. Rb1 Nxc5 17. Bc2 O-O 18. Be3 Rfe8 19. Kd1 {0-1 (47) Basova,Y (1699)-Mikheeva,G (1638) Minsk 2019}) 13... fxe5 $17 14. Bxe5 O-O {[#] aiming for ...d5.} 15. Bxg7 Qxe4+ 16. Bxe4 Kxg7 17. O-O-O Bxc4 18. b3 Bd5 19. Rhe1 Rae8 20. Bxd5 cxd5 {[%cal Bc6d5,Bd5d4][%mdl 32]} 21. Rxe8 Rxe8 {[%mdl 4096] Endgame KRN-KRN} 22. Kd2 c5 23. Rc1 d6 24. Ne1 Kf6 25. Rc3 d4 26. Rf3+ Kg7 27. Nd3 Nd5 28. Nb2 (28. Nf4 $142 Nc3 29. a4) 28... Nc3 $19 29. Nc4 d5 30. Nd6 Re6 {White got outplayed after the opening. Accuracy: White = 58%, Black = 93%.} 0-1

[Event "WSTCC-50 2020"]
[Site "Prague"]
[Date "2020.03.07"]
[Round "2.18"]
[White "Sergeyev, Alexander"]
[Black "Kempter, Ronald"]
[Result "1-0"]
[WhiteElo "2398"]
[BlackElo "2238"]
[Annotator "TA"]
[PlyCount "87"]
[EventDate "2020.03.06"]
[EventType "team-tourn"]
[EventCountry "CZE"]
[SourceTitle "playchess.com"]
[Source "ChessBase"]
[SourceQuality "1"]

{[%evp 20,86,21,27,41,33,27,23,19,18,32,30,40,35,31,0,0,0,0,0,14,10,10,10,10,14,12,6,12,14,14,11,19,20,20,12,18,0,25,32,39,25,42,41,80,64,57,49,67,58,453,447,473,472,480,110,420,412,29994,618,29995,29996,29996,29997,29997,29998,29998,29999,29999]} 1. d4 Nf6 2. Nf3 c5 3. d5 e6 4. Nc3 exd5 5. Nxd5 Nxd5 6. Qxd5 Nc6 7. e4 Be7 8. Bc4 O-O 9. O-O d6 10. c3 Be6 11. Qd3 Qd7 {A43: Schmid Benoni.} 12. Rd1 Rad8 13. Bf4 {[#]} h6 $146 {White has an edge.} ({Predecessor:} 13... Kh8 14. h3 f5 15. Bd5 fxe4 16. Qxe4 Bf5 17. Qe3 Rde8 18. Qd2 Be6 19. Bxe6 Qxe6 {1-0 (38) Mirzoev,A (2555)-Borisovsky,D (2304) St Petersburg 2017}) 14. Rd2 a6 15. Rad1 Na5 16. Bd5 b5 17. Qe3 Bxd5 18. Rxd5 Nc4 19. Qe2 Qg4 20. h3 Qe6 ({Don't play} 20... Qxf4 $6 21. Rf5 $16) 21. b3 Nb6 22. R5d2 Rfe8 23. Bg3 Bf8 24. Re1 g6 25. Qd1 Rd7 26. Re3 Red8 27. Bh4 Re8 28. Ne1 (28. Qc1 {feels hotter.} Bg7 29. Qf1 Bh8 30. Qe2 Bf6 31. Bg3) 28... Be7 29. Bxe7 Qxe7 30. Nd3 a5 31. Nf4 a4 32. Qg4 Kh7 33. h4 Rdd8 34. h5 {[%cal Rh5g6]} Rg8 $2 {[%mdl 8192]} ({Better is} 34... Qg5 $14 35. hxg6+ fxg6 36. Qxg5 hxg5) 35. hxg6+ $18 fxg6 36. Rh3 {Hoping for Ne6.} Rde8 37. Re2 $2 (37. Rdd3 $18) 37... Qe5 $2 {[%mdl 8192]} (37... Qd7 $16 {is a better chance.} 38. Qxd7+ Nxd7) 38. Ree3 Ref8 {[#]} (38... axb3 $18 39. axb3 g5) 39. Ne6 (39. Rxh6+ $142 $1 {[%mdl 512]} Kxh6 40. Rh3+ Qh5 41. Rxh5+ (41. Qxh5+ $2 {perishes.} gxh5 42. Rxh5+ Kg7 $19) 41... gxh5 42. Qxh5+ Kg7 43. Qg6+ {[%mdl 64] Double Attack} Kh8 44. Qh6#) 39... Re8 {[#]} 40. Rxh6+ $1 {[%mdl 576] Clearance. White mates.} Kxh6 41. Rh3+ Qh5 42. Qg5+ {[%mdl 64] Pin} Kh7 43. Rxh5+ gxh5 44. Qxh5# {Accuracy: White = 78%, Black = 61%.} 1-0

[Event "WSTCC-50 2020"]
[Site "Prague"]
[Date "2020.03.07"]
[Round "2.19"]
[White "Scheckenbach, Franz"]
[Black "Goriatchkin, Jouri"]
[Result "0-1"]
[WhiteElo "2101"]
[BlackElo "2310"]
[Annotator "RC"]
[PlyCount "132"]
[EventDate "2020.03.06"]
[EventType "team-tourn"]
[EventCountry "CZE"]
[SourceTitle "playchess.com"]
[Source "ChessBase"]
[SourceQuality "1"]
[TimeControl "40/5400+30:1800+30"]

1. e4 {[%emt 0:00:00]} e6 {[%emt 0:00:00]} 2. d3 {[%emt 0:00:00]} d5 {[%emt 0:00:07]} 3. Qe2 {[%emt 0:00:30]} Nf6 {[%emt 0:02:13]} 4. g3 {[%emt 0:01:26]} dxe4 {[%emt 0:03:35]} 5. dxe4 {[%emt 0:00:13]} e5 {[%emt 0:00:02]} 6. Nf3 {[%emt 0:03:39]} Nc6 {[%emt 0:01:16]} 7. Bg2 {[%emt 0:01:36]} Bg4 {[%emt 0:06:26]} 8. c3 {[%emt 0:06:48]} Qd7 {[%emt 0:07:11]} 9. Bg5 {[%emt 0:07:07]} Be7 {[%emt 0:01:35]} 10. Nbd2 {[%emt 0:03:32]} h6 {[%emt 0:03:36]} 11. Be3 {[%emt 0:02:27]} Bh3 {[%emt 0:03:46]} 12. Bxh3 {[%emt 0:06:57]} Qxh3 {[%emt 0:00:02]} 13. Nh4 {[%emt 0:00:13]} O-O-O {[%emt 0:06:06]} 14. f3 {[%emt 0:07:47]} Nh5 {[%emt 0:06:23]} 15. Nf5 {[%emt 0:02:00]} Bf6 {[%emt 0:03:42]} 16. Bf2 {[%emt 0:04:38]} Bg5 {[%emt 0:02:12]} 17. Ne3 {[%emt 0:02:45]} Bxe3 {[%emt 0:01:16]} 18. Qxe3 {[%emt 0:00:19]} Rd7 {[%emt 0:05:16]} 19. O-O-O {[%emt 0:14:50]} Rhd8 {[%emt 0:00:40]} 20. Qe1 {[%emt 0:03:00]} Qe6 {[%emt 0:05:41]} 21. Kb1 {[%emt 0:00:55]} Rd3 {[%emt 0:06:10]} 22. Qe2 {[%emt 0:02:13]} Qd7 {[%emt 0:06:22]} 23. Kc2 {[%emt 0:01:51]} Na5 {[%emt 0:09:48]} 24. Nb3 {[%emt 0:02:55]} Rxd1 {[%emt 0:00:30]} 25. Rxd1 {[%emt 0:00:08]} Qxd1+ {[%emt 0:00:16]} 26. Qxd1 {[%emt 0:00:06]} Rxd1 {[%emt 0:00:03]} 27. Kxd1 {[%emt 0:00:06]} Nxb3 {[%emt 0:00:52]} 28. axb3 {[%emt 0:00:05]} b6 {[%emt 0:01:14]} 29. Ke2 {[%emt 0:00:26]} Kd7 {[%emt 0:00:45]} 30. Kd3 {[%emt 0:00:14]} Kc6 {[%emt 0:01:22]} 31. c4 {[%emt 0:08:03]} Nf6 {[%emt 0:00:28]} 32. b4 {[%emt 0:00:21]} a6 {[%emt 0:00:41]} 33. Be1 {[%emt 0:00:47]} Nd7 {[%emt 0:06:00]} 34. Bc3 {[%emt 0:01:27]} Kd6 {[%emt 0:03:09]} 35. f4 {[%emt 0:02:16]} g6 {[%emt 0:00:49]} 36. Ke3 {[%emt 0:01:37]} Ke6 {[%emt 0:00:57]} 37. Kf3 {[%emt 0:03:54]} h5 {[%emt 0:01:09]} 38. h3 {[%emt 0:02:08]} exf4 {[%emt 0:03:24]} 39. gxf4 {[%emt 0:02:42]} b5 {[%emt 0:00:20]} 40. b3 {[%emt 0:00:00]} Nb6 {[%emt 0:00:00]} 41. cxb5 {[%emt 0:11:25]} axb5 {[%emt 0:01:31]} 42. Bd4 {[%emt 0:01:48]} Nd7 {[%emt 0:01:10]} 43. Ke3 {[%emt 0:01:36]} f5 {[%emt 0:08:12]} 44. e5 {[%emt 0:12:39]} Kd5 {[%emt 0:03:13]} 45. h4 {[%emt 0:01:06]} Nf8 {[%emt 0:01:22]} 46. Bc5 {[%emt 0:01:12]} Ne6 {[%emt 0:00:22]} 47. Ba7 {[%emt 0:00:48]} Nd8 {[%emt 0:06:20]} 48. Bc5 {[%emt 0:01:08]} Nc6 {[%emt 0:00:52]} 49. Kf3 {[%emt 0:01:17]} Nd8 {[%emt 0:01:20]} 50. Ke3 {[%emt 0:00:06]} Ne6 {[%emt 0:01:06]} 51. Ba7 {[%emt 0:00:13]} Kc6 {[%emt 0:06:47]} 52. Bd4 {[%emt 0:00:54]} Nd8 {[%emt 0:00:27]} 53. Bc5 {[%emt 0:00:57]} Kd5 {[%emt 0:00:12]} 54. Bd4 {[%emt 0:00:45]} Nc6 {[%emt 0:01:17]} 55. Bc5 {[%emt 0:00:12]} Nb8 {[%emt 0:00:31]} 56. Ba7 {[%emt 0:00:37]} Na6 {[%emt 0:01:08]} 57. Bc5 {[%emt 0:05:28]} Nxc5 {[%emt 0:01:17]} 58. bxc5 {[%emt 0:00:04]} Kxc5 {[%emt 0:00:02]} 59. b4+ {[%emt 0:00:06]} Kd5 {[%emt 0:00:13]} 60. Kd3 {[%emt 0:00:08]} c5 {[%emt 0:00:07]} 61. bxc5 {[%emt 0:00:04]} Kxc5 {[%emt 0:00:02]} 62. Kc3 {[%emt 0:00:10]} Kd5 {[%emt 0:00:15]} 63. Kb4 {[%emt 0:00:06]} g5 {[%emt 0:00:40]} 64. fxg5 {[%emt 0:01:35]} f4 65. g6 Ke6 66. g7 f3 0-1

[Event "WSTCC-50 2020"]
[Site "Prague"]
[Date "2020.03.07"]
[Round "2.20"]
[White "Tolstikh, Nikolay"]
[Black "Arndt, Olaf"]
[Result "1-0"]
[WhiteElo "2320"]
[BlackElo "1887"]
[Annotator "TA"]
[PlyCount "63"]
[EventDate "2020.03.06"]
[EventType "team-tourn"]
[EventCountry "CZE"]
[SourceTitle "playchess.com"]
[Source "ChessBase"]
[SourceQuality "1"]

{[%evp 21,63,33,13,33,65,22,89,78,93,89,108,72,56,-3,136,126,128,95,69,73,84,24,76,77,101,102,150,157,217,58,137,149,265,252,592,566,566,529,518,259,423,407,29991,29992]} 1. e4 e5 2. Nf3 Nc6 3. Bc4 Bc5 4. c3 Nf6 5. d4 exd4 6. e5 d5 7. Bb5 Ne4 8. cxd4 Bb4+ 9. Bd2 Nxd2 10. Nbxd2 O-O {The main line 10...0-0 scores better than 10...Bd7.} 11. Bxc6 bxc6 12. O-O {C54: Giuoco Piano: 4 c3 Nf6, main lines with 5 d4 and 5 d3.} Rb8 13. Qc2 {[#]} Rb6 $146 (13... c5 $11) ({Predecessor:} 13... Bg4 14. a3 Bxd2 15. Nxd2 Qg5 16. f4 Qf5 17. Qxf5 Bxf5 18. b4 a5 19. bxa5 Rb2 {0-1 (56) Welker,A (1383)-Wurmbauer,N (1736) Neustadt an der Weinstrasse 2020}) 14. a3 $16 {White is better.} Bxd2 15. Nxd2 Qh4 16. Qc3 c5 17. Nf3 (17. dxc5 $6 d4 $11) (17. Qxc5 $14 Ba6 18. Nf3) 17... Qf4 (17... cxd4 $11 18. Qc5 Qh5 19. Qxd4 Rg6) 18. dxc5 Rg6 19. Kh1 Qg4 {[%csl Gg6][%cal Rg4g2] [#]} 20. Rg1 Qh5 21. h3 (21. b4 $16) 21... Rh6 (21... Rg4 $1 $11) 22. Nh2 f6 23. Rae1 {[%cal Ba1e1,Be1e5,Be5g5][%mdl 32]} fxe5 24. Rxe5 Qg6 (24... Qf7 $16 25. Rge1 Re6) 25. Qg3 $2 ({White should play} 25. Rxd5 $18 {Hoping for f3.} Be6 26. Rd2) 25... Qc2 (25... Qxg3 $14 26. fxg3 Bf5) 26. Rg5 Rf7 (26... Qxb2 $16 27. Qxc7 Re6) 27. Rxd5 $40 {[%mdl 128] [#] Rd8+ is the strong threat. White wants a kill.} Bb7 $2 (27... Rf8 {is more resistant.} 28. Qxc7 Qxb2) 28. Rd8+ Rf8 29. Rxf8+ Kxf8 30. Re1 Rg6 $2 (30... Qxc5 {was called for.} 31. Ng4 Rh5) 31. Ng4 ({Don't take} 31. Qf4+ Rf6 $18) 31... Qxc5 (31... Qd2 $18) 32. Qf4+ {Accuracy: White = 49%, Black = 24%.} 1-0

[Event "WSTCC-50 2020"]
[Site "Prague"]
[Date "2020.03.07"]
[Round "2.22"]
[White "Plotkin, Victor"]
[Black "Berg, Anders Hoyer"]
[Result "1-0"]
[WhiteElo "2339"]
[BlackElo "2036"]
[Annotator "TA"]
[PlyCount "75"]
[EventDate "2020.03.06"]
[EventType "team-tourn"]
[EventCountry "CZE"]
[SourceTitle "playchess.com"]
[Source "ChessBase"]
[SourceQuality "1"]

{[%evp 19,75,21,13,14,16,8,17,10,12,-2,5,-32,-26,-25,0,0,0,0,0,-5,0,-44,0,-2,19,0,10,0,32,34,60,52,62,60,54,54,71,60,70,66,71,71,71,69,287,282,260,276,348,364,361,324,584,572,570,554,593,583]} 1. e4 c5 2. Nf3 e6 3. b3 Nc6 4. Bb2 d6 5. d4 cxd4 6. Nxd4 Nf6 7. Bd3 Be7 8. O-O e5 9. Nxc6 bxc6 10. Nd2 O-O 11. Nc4 {B40: Sicilian: 2...e6, Unusual lines.} Be6 12. Qe2 Nd7 13. Rad1 {[#] The position is equal.} Qc7 $146 ({Predecessor:} 13... Nc5 14. Ne3 Nxd3 15. Rxd3 Qa5 16. a4 f5 17. exf5 Bxf5 18. Nxf5 Rxf5 19. Qe4 Raf8 {0-1 (39) Fernandes Filho,B (2132)-Mello Sales,C (1914) Sao Luis 2016}) 14. Qe3 f6 15. Qd2 Nc5 16. Ne3 Nxd3 17. Qxd3 Rfd8 18. c4 a5 19. Bc3 Rd7 20. Rc1 Rdd8 21. Rfd1 Rdb8 22. h3 Rd8 23. Bb2 Rd7 24. Nd5 Bxd5 25. cxd5 c5 26. Rc4 Bd8 27. Ra4 $36 {[%mdl 2048] White has the initiative.} Qb8 28. Rc1 Rb7 29. Bc3 Kf7 30. Bd2 Rba7 31. Qf3 {aiming for Qh5+.} Qc8 $2 {This move loses the game for Black.} (31... Bb6 $14) 32. Qh5+ $18 {[%mdl 64] [#] Double Attack} Kf8 33. Qxh7 g5 34. Qh8+ Kf7 35. Rc3 Bb6 $2 {[#]} (35... Be7 36. Qh7+ Ke8) 36. Qh7+ {White is clearly winning.} Kf8 37. Qh6+ Kf7 38. Rf3 {Accuracy: White = 91%, Black = 64%.} 1-0